000 00366nam a2200169Ia 4500
100 _aReese/George
650 _aCloud computing
942 _cBK
366 _f20
654 _acloud application
245 _aCloud application architecture
260 _bOreilly
_c2009
082 _a4.65
_bREE
300 _a189
546 _aENGLISH
_cPAMPHALETS
999 _c26932
_d26932